|
|
|
|
| LEADER |
00000caa a22000002c 4500 |
| 001 |
1912563231 |
| 003 |
DE-627 |
| 005 |
20250124054952.0 |
| 007 |
cr uuu---uuuuu |
| 008 |
241217s2007 xx |||||o 00| ||eng c |
| 024 |
7 |
|
|a 10.2139/ssrn.912256
|2 doi
|
| 035 |
|
|
|a (DE-627)1912563231
|
| 035 |
|
|
|a (DE-599)KXP1912563231
|
| 040 |
|
|
|a DE-627
|b ger
|c DE-627
|e rda
|
| 041 |
|
|
|a eng
|
| 084 |
|
|
|a 2,1
|2 ssgn
|
| 100 |
1 |
|
|a Sharkey, Catherine M.
|e VerfasserIn
|4 aut
|
| 245 |
1 |
4 |
|a The Fungibility of Damage Awards: Punitive Damage Caps and Substitution
|
| 264 |
|
1 |
|c 2007
|
| 336 |
|
|
|a Text
|b txt
|2 rdacontent
|
| 337 |
|
|
|a Computermedien
|b c
|2 rdamedia
|
| 338 |
|
|
|a Online-Ressource
|b cr
|2 rdacarrier
|
| 700 |
1 |
|
|a Klick, Jonathan
|e VerfasserIn
|0 (DE-588)12879805X
|0 (DE-627)38063922X
|0 (DE-576)297338641
|4 aut
|
| 773 |
0 |
8 |
|i Enthalten in
|t FSU College of Law, Law and Economics Paper No. 912256; Columbia Law and Economics Working Paper No. 298
|
| 787 |
0 |
8 |
|i Forschungsdaten
|a United States Department of Justice. Office of Justice Programs. Bureau of Justice Statistics
|t Civil Justice Survey of State Courts, 1992
|d [Erscheinungsort nicht ermittelbar] : [Verlag nicht ermittelbar], 1996
|w (DE-627)1840049952
|
| 787 |
0 |
8 |
|i Forschungsdaten
|a United States Department of Justice. Office of Justice Programs. Bureau of Justice Statistics
|t Civil Justice Survey of State Courts, 1996
|d [Erscheinungsort nicht ermittelbar] : [Verlag nicht ermittelbar], 2000
|w (DE-627)1840049944
|
| 787 |
0 |
8 |
|i Forschungsdaten
|a United States Department of Justice. Office of Justice Programs. Bureau of Justice Statistics
|t Civil Justice Survey of State Courts, 2001
|d [Erscheinungsort nicht ermittelbar] : [Verlag nicht ermittelbar], 2004
|w (DE-627)1840049928
|
| 856 |
4 |
0 |
|u https://doi.org/10.2139/ssrn.912256
|x Resolving-System
|z lizenzpflichtig
|3 Volltext
|7 1
|
| 856 |
4 |
0 |
|u https://ssrn-com.proxy.lib.umich.edu/abstract=912256
|x Verlag
|z lizenzpflichtig
|3 Volltext
|7 1
|
| 935 |
|
|
|a mkri
|
| 951 |
|
|
|a AR
|
| ELC |
|
|
|a 1
|
| LOK |
|
|
|0 000 xxxxxcx a22 zn 4500
|
| LOK |
|
|
|0 001 4637528739
|
| LOK |
|
|
|0 003 DE-627
|
| LOK |
|
|
|0 004 1912563231
|
| LOK |
|
|
|0 005 20241217044511
|
| LOK |
|
|
|0 008 241217||||||||||||||||ger|||||||
|
| LOK |
|
|
|0 035
|a (DE-2619)ICPSR162052
|
| LOK |
|
|
|0 040
|a DE-2619
|c DE-627
|d DE-2619
|
| LOK |
|
|
|0 092
|o n
|
| LOK |
|
|
|0 852
|a DE-2619
|
| LOK |
|
|
|0 852 1
|9 00
|
| LOK |
|
|
|0 935
|a uvkn
|a nacp
|
| LOK |
|
|
|0 939
|a 17-12-24
|b l01
|
| OAS |
|
|
|a 1
|
| ORI |
|
|
|a SA-MARC-krimdoka001.raw
|